| 000 | 00474nac a22001571u 4500 | ||
|---|---|---|---|
| 082 |
_a633.54 _bRAN |
||
| 090 |
_c6719 _d6719 |
||
| 100 | _aRanjan, T. C. | ||
| 245 |
_aHandbook on jute / _c T.C.Ranjan. |
||
| 260 |
_aNew Delhi : _bOxford & IBH Publishing Co,1973 _c1973 |
||
| 300 |
_a100 p.: _bill.; _c20 cm. |
||
| 500 | _adistributer: Al-Ahram | ||
| 511 | _acatalogued by: wessam | ||
| 650 | _aJute Plant | ||
| 942 |
_cBB _k633.54RAN |
||
| 999 |
_c6719 _d6719 |
||